Estadísticas para Comarcas de Galicia

Haz click aquí para tomar la prueba!

Estadísticas generales

  • Esta prueba ha sido tomada 7 veces
  • La puntuación promedio es 22 de 53

Estadísticas de respuestas

ProvinciaComarca% Correcto
PontevedraVigo
86%
LugoLugo
86%
PontevedraPontevedra
86%
La CoruñaSantiago
86%
La CoruñaFerrol
71%
OrenseOurense
71%
La CoruñaXallas
57%
LugoMariña Occidental
57%
LugoMariña Oriental
57%
OrenseVerín
57%
OrenseRibeiro
57%
La CoruñaLa Coruña
57%
La CoruñaBetanzos
57%
LugoMariña Central
57%
OrenseLa Limia
43%
PontevedraCondado
43%
PontevedraMorrazo
43%
La CoruñaBarbanza
43%
PontevedraParadanta
43%
La CoruñaArzúa
43%
LugoFonsagrada
43%
La CoruñaSar
43%
La CoruñaBergantiños
43%
La CoruñaMuros
43%
La CoruñaÓrdenes
43%
LugoQuiroga
43%
LugoLos Ancares
43%
La CoruñaTierra de Mellid
43%
OrenseTierra de Caldelas
29%
La CoruñaLa Barcala
29%
PontevedraSalnés
29%
OrenseViana
29%
La CoruñaTierra de Soneira
29%
OrenseValdeorras
29%
LugoSarria
29%
OrenseTierra de Celanova
29%
La CoruñaNoya
29%
La CoruñaEume
29%
OrenseCarballiño
29%
La CoruñaOrtegal
29%
OrenseA Baixa Limia
29%
OrenseAllariz Maceda
29%
LugoUlloa
29%
LugoTierra de Lemos
29%
LugoTierra Llana
29%
LugoChantada
29%
PontevedraTabeirós Tierra de Montes
14%
LugoMeira
14%
PontevedraDeza
14%
La CoruñaFisterre
14%
PontevedraCaldas
14%
PontevedraBajo Miño
14%
OrenseTerra de Trives
14%

Distribución de puntuación

Porcentaje por número respondido

Porcentaje de gente con cada puntuación

Historial de tus puntuaciones

No has tomado esta prueba